| 000 | 00826nam a22001817a 4500 | ||
|---|---|---|---|
| 001 | 10033 | ||
| 003 | FISKH | ||
| 005 | 20260401101640.0 | ||
| 008 | 260331b cb ||||| |||| 00| 0 eng d | ||
| 020 | _a9787555714538 | ||
| 040 |
_aFISKH _bchi _cFISKH _dFISKH |
||
| 100 | _a朱莉娅编著 | ||
| 245 |
_a 养育男孩 / _c朱莉娅编著 |
||
| 300 |
_a182 pages : _billustrations ; _c21 cm . |
||
| 520 | _a本书是一本家庭教育类图书,通过对大量家庭教育情景案例的分析和解读,总结出养育男孩中的重点与难点问题,并提出了解决这些问题的方法和技巧.在本书当中,作者告诉父母们该如何在跟孩子的日常交往中运用正面语言滋养孩子的心灵,帮助孩子成为一位独立,有担当,有领导力的男子汉 | ||
| 942 |
_2ddc _cBOOK _n0 |
||
| 999 |
_c10033 _d10033 |
||